| 000 | 00432cam a22001457a 4500 | ||
|---|---|---|---|
| 008 | 180718b1992 xxu||||| |||| 00| 0 eng d | ||
| 082 | _aB263x54 M896 | ||
| 245 |
_aFederalism in India: origins and development _cedited by Nirmal Mukarji and Balveer Arora |
||
| 260 |
_aNew Delhi _bVikas _c1992 |
||
| 300 | _a297p. | ||
| 650 | _a(Written off) | ||
| 650 | _aFederalism - India | ||
| 700 | _aArora, Balveer | ||
| 700 | _aMukarji, Nirmal | ||
| 999 |
_c349602 _d349602 |
||